Communicating Effectively (Record no. 5063)

MARC details
005 - DATE AND TIME OF LATEST TRANSACTION
control field 20250625131222.0
020 ## - INTERNATIONAL STANDARD BOOK NUMBER
International Standard Book Number 978-0-07-319339
082 ## - DEWEY DECIMAL CLASSIFICATION NUMBER
Classification number 302 HYB
100 ## - MAIN ENTRY--PERSONAL NAME
Author name HYBELS, S
245 ## - TITLE STATEMENT
Title Communicating Effectively
250 ## - EDITION STATEMENT
Edition statement 8th Ed.
260 ## - PUBLICATION, DISTRIBUTION, ETC.
Place of publication, distribution, etc. Boston
Name of publisher, distributor, etc. McGraw-Hill
Date of publication, distribution, etc. 2007.
300 ## - PHYSICAL DESCRIPTION
Extent xx, 417p. : ill. ; pictures
Other physical details Glossary and Index
Dimensions 25cm
700 ## - ADDED ENTRY--PERSONAL NAME
Other authors/Editors Richard L. Weaver
942 ## - ADDED ENTRY ELEMENTS (KOHA)
Source of classification or shelving scheme Dewey Decimal Classification
Koha item type Books
Holdings
Date last seen Total checkouts Full call number Barcode Cost, replacement price Price effective from Koha item type Lost status Source of classification or shelving scheme Damaged status Not for loan Withdrawn status Home library Current library Shelving location Date acquired Source of acquisition Cost, normal purchase price
06/25/2025   302 HYB MZA0002097 150000.00 06/25/2025 Books   Dewey Decimal Classification       CBE Mwanza CBE Mwanza General Collection 07/16/2007 Library Budget 50000.00